export_success — 

Industrialisation in Malaysia : import substitution and infant industry performance.

Bibliographic Details
Main Author: Alavi
Format: Book
Published: London: Routledge, 1996.
Subjects:
LEADER 00685cam a2200205 7i4500
001 0000031286
005 20140423090000.0
020 0 0 |a 9780415144766  
090 0 0 |a B 330.9595   |b ALA 
100 1 0 |a Alavi  
245 1 0 |a Industrialisation in Malaysia :   |b import substitution and infant industry performance. 
260 0 0 |a London:   |b Routledge,   |c 1996. 
300 # # |a 213 p. 
650 0 0 |a Import substitution --   |z Malaysia  
650 0 0 |a Industries --   |z Korea (South)  
650 0 0 |a Industries --   |z malaysia  
650 0 0 |a Malaysia --   |x Economic policy --   |x Case studies  
650 0 0 |a Malaysia --   |x Commercials policy  
651 0 0 |a Malaysia  
999 |a B000034085  |b Book  |c Book  |e Business Information Centre